Skladanie DNA sekvencií

Saved in:
Bibliographic Details
Main Author: Šimek, Juraj (Author)
Other Authors: Bou Ezzeddine, Anna (Thesis advisor)
Format: Manuscript Book
Language:Slovak
Published: 2016
Subjects:
Online Access:http://is.stuba.sk/zp/portal_zp.pl?podrobnosti=119328
Tags: Add Tag
No Tags, Be the first to tag this record!

MARC

LEADER 00000ntm a22000003a 4500
001 stuzp59023
003 SK-STU
005 20160719155735.4
007 ta
008 150427s2015----xo-----f-mn---000-0-slo-d
040 |a STU  |b slo 
041 0 |a slo 
100 1 |a Šimek, Juraj  |u 070200  |k Z4  |4 aut  |U FIIT Fakulta informatiky a informačných technológií  |T FIIT Ústav informatiky, informačných systémov a softvérového inžinierstva  |X 46165  |U I200  |Y 179  |7 A000046165 
242 0 1 |a DNA Short Reads Assembly  |y eng 
245 1 0 |a Skladanie DNA sekvencií 
260 |c 2016 
650 4 |a DNA  |2 slo 
650 4 |a skladanie DNA  |2 slo 
650 4 |a sekvenovanie DNA  |2 slo 
650 4 |a umelá inteligencia  |2 slo 
650 4 |a biologicky inšpirované algoritmy  |2 slo 
650 4 |a paralelný model  |2 slo 
650 4 |a PIMCSA-DMO  |2 slo 
650 4 |a PIMCSA  |2 slo 
650 4 |a DNA  |2 eng 
650 4 |a short reads assembly  |2 eng 
650 4 |a sequencing of DNA  |2 eng 
650 4 |a artificial intelligence  |2 eng 
650 4 |a bio-inspired algorithms  |2 eng 
650 4 |a parallel model  |2 eng 
650 4 |a PIMCSA-DMO  |2 eng 
650 4 |a PIMCSA  |2 eng 
700 1 |a Bou Ezzeddine, Anna  |u 070200  |k Z1  |4 ths  |U FIIT Fakulta informatiky a informačných technológií  |T FIIT Ústav informatiky, informačných systémov a softvérového inžinierstva  |X 2127  |U I200  |Y 179  |7 2127 
856 4 |u http://is.stuba.sk/zp/portal_zp.pl?podrobnosti=119328 
996 |b 8193  |c I* DIP 17/2016  |l II680  |s P  |a 0  |w stuzp59023_0001 
SQL |a stuzp59023  |b DDP  |c SLO  |d Skladanie DNA sekvencií  |e 46165  |f Šimek, Juraj  |g 070200  |h 2127  |i Bou Ezzeddine, Anna  |j 20160613  |k 205  |l 07  |m http://is.stuba.sk/zp/portal_zp.pl?podrobnosti=119328  |n I-IS2  |o 9.2.6. informačné systémy